000 00302nam a22001337a 4500
008 171102b xxu||||| |||| 00| 0 eng d
020 _a9780471737506
041 _aeng
080 _22ND
_a33
100 _a59
101 _aBUS
245 _aPATTERNS OF ENTREPRENEURSHIP
_cKAPLAN,J,M
942 _2udc
_cBK
999 _c37228
_d37228